<?xml version="1.0" encoding="UTF-8"?>
<record
    xmlns:xsi="http://www.w3.org/2001/XMLSchema-instance"
    xsi:schemaLocation="http://www.loc.gov/MARC21/slim http://www.loc.gov/standards/marcxml/schema/MARC21slim.xsd"
    xmlns="http://www.loc.gov/MARC21/slim">

  <leader>03202cam a22003731i 4500</leader>
  <datafield tag="999" ind1=" " ind2=" ">
    <subfield code="c">10352</subfield>
    <subfield code="d">10352</subfield>
  </datafield>
  <controlfield tag="001">448559</controlfield>
  <controlfield tag="003">OCoLC</controlfield>
  <controlfield tag="005">20210222171313.0</controlfield>
  <controlfield tag="008">690110t19681968miu      b    000 0 eng  </controlfield>
  <datafield tag="010" ind1=" " ind2=" ">
    <subfield code="a">   68027463</subfield>
  </datafield>
  <datafield tag="020" ind1=" " ind2=" ">
    <subfield code="a">0310280605</subfield>
  </datafield>
  <datafield tag="020" ind1=" " ind2=" ">
    <subfield code="a">9780310280606</subfield>
  </datafield>
  <datafield tag="035" ind1=" " ind2=" ">
    <subfield code="a">(OCoLC)448559</subfield>
  </datafield>
  <datafield tag="040" ind1=" " ind2=" ">
    <subfield code="a">DLC</subfield>
    <subfield code="b">eng</subfield>
    <subfield code="e">rda</subfield>
    <subfield code="c">DLC</subfield>
    <subfield code="d">BAKER</subfield>
    <subfield code="d">HNW</subfield>
    <subfield code="d">OKR</subfield>
    <subfield code="d">LS1</subfield>
    <subfield code="d">CIRBC</subfield>
    <subfield code="d">OCLCF</subfield>
    <subfield code="d">ZQP</subfield>
    <subfield code="d">OCLCQ</subfield>
    <subfield code="d">SAJ</subfield>
    <subfield code="d">NLC</subfield>
    <subfield code="d">OCLCQ</subfield>
    <subfield code="d">SJG</subfield>
    <subfield code="d">OCLCQ</subfield>
    <subfield code="d">MQS</subfield>
    <subfield code="d">OCLCQ</subfield>
    <subfield code="d">PTS</subfield>
    <subfield code="d">CIRBC</subfield>
  </datafield>
  <datafield tag="043" ind1=" " ind2=" ">
    <subfield code="a">n-us---</subfield>
  </datafield>
  <datafield tag="050" ind1="0" ind2="0">
    <subfield code="a">BV4254.3</subfield>
    <subfield code="b">L818A</subfield>
  </datafield>
  <datafield tag="082" ind1="0" ind2="4">
    <subfield code="a">252/.6</subfield>
    <subfield code="b">L818A</subfield>
  </datafield>
  <datafield tag="092" ind1="0" ind2=" ">
    <subfield code="a">252.6</subfield>
    <subfield code="b">L818A</subfield>
  </datafield>
  <datafield tag="100" ind1="1" ind2=" ">
    <subfield code="a">Lockyer, Herbert.</subfield>
  </datafield>
  <datafield tag="245" ind1="1" ind2="0">
    <subfield code="a">All the holy days and holidays :</subfield>
    <subfield code="b">or, Sermons on all national and religious memorial days /</subfield>
    <subfield code="c">by Dr. Herbert Lockyer.</subfield>
  </datafield>
  <datafield tag="264" ind1=" " ind2="1">
    <subfield code="a">Grand Rapids, Mich. :</subfield>
    <subfield code="b">Zondervan Publishing House,</subfield>
    <subfield code="c">&#xA9;1968.</subfield>
  </datafield>
  <datafield tag="300" ind1=" " ind2=" ">
    <subfield code="a">283 pages ;</subfield>
    <subfield code="c">25 cm</subfield>
  </datafield>
  <datafield tag="336" ind1=" " ind2=" ">
    <subfield code="a">text</subfield>
    <subfield code="b">txt</subfield>
    <subfield code="2">rdacontent</subfield>
  </datafield>
  <datafield tag="337" ind1=" " ind2=" ">
    <subfield code="a">unmediated</subfield>
    <subfield code="b">n</subfield>
    <subfield code="2">rdamedia</subfield>
  </datafield>
  <datafield tag="338" ind1=" " ind2=" ">
    <subfield code="a">volume</subfield>
    <subfield code="b">nc</subfield>
    <subfield code="2">rdacarrier</subfield>
  </datafield>
  <datafield tag="490" ind1="1" ind2=" ">
    <subfield code="a">"All" series</subfield>
  </datafield>
  <datafield tag="504" ind1=" " ind2=" ">
    <subfield code="a">Includes bibliographical references (page 283).</subfield>
  </datafield>
  <datafield tag="505" ind1="0" ind2=" ">
    <subfield code="a">For Christmas day : If Christ had not come -- For a Watch Night service : An indelible record -- For New Year's Day : The secret of a happy New Year -- For Valentine Day (Sweetheart Banquet days) : My beloved is mine, and I am his -- For St. Patrick's Day : The shamrock saint -- For Lenten days : The corn of wheat -- For Palm Sunday : Palms and willows -- For Good Friday : The crown of thorns -- For Easter Day : My redeemer liveth -- For April Fool's Day : Fools and their folly -- For Ascension Day : The rapture of the redeemer -- For Pentecost -- Whitsunday : The gospel of Whitsun -- For Mother's Day : The motherhood of God -- For Father's Day : The fatherhood of God -- For Independence Day : The land I love -- For vacation days : The secret of a happy vacation -- For Labor Day : Dignity of labor -- For Harvest Festival day : The harvest home -- For Reformation Day : The monk who shook the world -- for Memorial -- Veteran's Day : Lest we forget -- For Thanksgiving Day : The grace of gratitude -- For Sunday Observance Day : A Sabbath day's journey -- For Missionary Day : Going as he commanded -- For church anniversary day : A story that thrills -- For annual church budget day : Faithful stewardship -- For Youth Challenge Day : A rich young man's regret -- For graduation or baccalaureate day : There go the ships -- For children's dedication day : A little child in the midst -- For pastor's ordination day : Watchwords of the preacher -- For deacons', elders' and church officers' ordination day : The first martyr -- deacon -- For lay sister or deaconess ordination day : A model deaconess -- For communion day : The vesper sigh of memory -- For critical national days : Understanding the times -- For the opening of an evangelistic crusade : The Saviour of souls -- For a funeral : The key of the grave -- For Bible Day : Why we believe the Bible -- For a national day of mourning : A nation with drawn blinds -- For a national election day : The candidate of our choice.</subfield>
  </datafield>
  <datafield tag="650" ind1=" " ind2="0">
    <subfield code="a">Festival-day sermons.</subfield>
  </datafield>
  <datafield tag="650" ind1=" " ind2="0">
    <subfield code="a">Occasional sermons.</subfield>
  </datafield>
  <datafield tag="650" ind1=" " ind2="0">
    <subfield code="a">Sermons, American.</subfield>
  </datafield>
  <datafield tag="830" ind1=" " ind2="0">
    <subfield code="a">ALL (Series) </subfield>
  </datafield>
  <datafield tag="942" ind1=" " ind2=" ">
    <subfield code="2">ddc</subfield>
    <subfield code="c">BK</subfield>
  </datafield>
  <datafield tag="952" ind1=" " ind2=" ">
    <subfield code="0">0</subfield>
    <subfield code="1">0</subfield>
    <subfield code="2">ddc</subfield>
    <subfield code="4">0</subfield>
    <subfield code="7">1</subfield>
    <subfield code="8">REF</subfield>
    <subfield code="a">HMC</subfield>
    <subfield code="b">HMC</subfield>
    <subfield code="c">REF</subfield>
    <subfield code="d">2021-02-23</subfield>
    <subfield code="l">0</subfield>
    <subfield code="o">REF 252.6 L818A</subfield>
    <subfield code="p">011967</subfield>
    <subfield code="r">2021-02-23 00:00:00</subfield>
    <subfield code="w">2021-02-23</subfield>
    <subfield code="y">REF</subfield>
  </datafield>
</record>
